| 000 | 00515nam a22002057a 4500 | ||
|---|---|---|---|
| 003 | bpm | ||
| 005 | 20260421082811.0 | ||
| 008 | 260421b |||||||| |||| 00| p spa d | ||
| 022 | _a9789872360825 | ||
| 024 | _aS. C. C. / M. C. y E. M.: | ||
| 040 | _aAR-CtUCP | ||
| 041 | _aspa | ||
| 080 | _aCDU | ||
| 100 | _aDuarte María de los ángeles | ||
| 245 | _aPoemas para leer en soledad VII parte | ||
| 260 |
_aBuenos Aires _bMagdala _c2007 |
||
| 650 | _aLiteratura - Poesía | ||
| 942 | _cLIB | ||
| 999 |
_c76670 _d76670 |
||